000 00660nam a22002297a 4500
003 UA-OsUOA
001 24506
007 ta
008 20040220b un ||||| |||| 00| 0 ukr d
100 _aСергійчук В.
090 _a94(477)
_bС32
942 _cSA
040 _aUA-OsUOA
_bukr
_cUA-OsUOA
_dUA-OsUOA
245 _aОбіцяв цар волю дати. Переяславська угода 1654 року: факти і міфи
300 _aС.3-32
955 _a0
041 _aukr
080 _a94(477)
044 _aUA
773 0 _w0
_tУкраїнська культура
_dК.
_d2004
_g№1
650 7 _aІсторія України
_2UDC
999 _c310781
_d310781